| 000 | 00883nam a22002057a 4500 | ||
|---|---|---|---|
| 003 | AM-YeHGA | ||
| 005 | 20250617154130.0 | ||
| 008 | 180525b xxu||||| |||| 00| 0 rus d | ||
| 040 | _aAM-YeHGA | ||
| 041 | 0 | _arus | |
| 100 | 1 |
_aТитов, Андрей Александрович _d1844-1911 |
|
| 245 | 1 | 0 |
_aФинифтяники в городе Ростове Ярославской губернии / _cА. Титов; С предисл. Н.П. Кондакова |
| 260 |
_aСанкт-Петербург : _bОЛДП, _c1901 |
||
| 300 | _aX, 14 с. | ||
| 440 | 0 |
_aПамятники древней письменности и искусства _vВып. 143 |
|
| 653 | _aФинифтяное мастерство - Ростов, г. | ||
| 700 | 1 |
_aКондаков, Никодим Павлович _d _eавт. предисл. _4aui |
|
| 942 |
_2udc _cBK |
||
| 090 | _c407693 | ||
| 999 |
_c405446 _d405446 |
||